000 00376nam a22001577a 4500
003 MACL
005 20211008133429.0
008 211008b |||||||| |||| 00| 0 eng d
040 _cMACL
082 _a792
100 _aSHA,SHIVA
_981232
245 _aInside Story of Indian Performing Arts
260 _aDelhi
_bRaman publication
_c2017
650 _aDance
942 _2ddc
_cBK
999 _c64499
_d64499